ბათუმის შოთა რუსთაველის სახელმწიფო უნივერსიტეტის ბიბლიოთეკა

Williams gynecology : STUDY GUIDE / (ბიბ.ჩანაწერი № 57392)

000 -LEADER
fixed length control field 00767cam a22002178i 4500
001 - CONTROL NUMBER
control field 18780754
005 - DATE AND TIME OF LATEST TRANSACTION
control field 20221105220349.0
008 - FIXED-LENGTH DATA ELEMENTS--GENERAL INFORMATION
fixed length control field 150910t20162016nyua b 001 0 eng
020 ## - INTERNATIONAL STANDARD BOOK NUMBER
International Standard Book Number 9780071849081 1
041 ## - LANGUAGE CODE
Language code of text/sound track or separate title eng
080 ## - UNIVERSAL DECIMAL CLASSIFICATION NUMBER
Universal Decimal Classification number 618.1 W-69
245 00 - TITLE STATEMENT
Title Williams gynecology : STUDY GUIDE /
Statement of responsibility, etc. [edited by] Barbara L. Hoffman, MD [and 5 others].
250 ## - EDITION STATEMENT
Edition statement Third edition.
264 #4 - PRODUCTION, PUBLICATION, DISTRIBUTION, MANUFACTURE, AND COPYRIGHT NOTICE
Date of production, publication, distribution, manufacture, or copyright notice 2016.
Place of production, publication, distribution, manufacture New York :
Name of producer, publisher, distributor, manufacturer McGraw-Hill Education,
300 ## - PHYSICAL DESCRIPTION
Extent 1270 pages :
Other physical details illustrations (some color) ;
Dimensions 29 cm.
653 ## - INDEX TERM--UNCONTROLLED
keyword გენიტალური დაავადებები
653 ## - INDEX TERM--UNCONTROLLED
keyword გინეკოლოგია
653 ## - INDEX TERM--UNCONTROLLED
keyword მედიცინა
700 1# - ADDED ENTRY--PERSONAL NAME
Personal name Hoffman, Barbara L.,
Relator term რედაქტორი
9 (RLIN) 8419
942 ## - ADDED ENTRY ELEMENTS (KOHA)
Source of classification or shelving scheme
Koha item type წიგნი
ეგზემპლარები
Withdrawn status Lost status Source of classification or shelving scheme Damaged status Not for loan Permanent Location Current Location Shelving location Date acquired Cost, normal purchase price Full call number Barcode Date last seen Copy number Price effective from Koha item type Public note
          ბათუმის შოთა რუსთაველის სახელმწიფო უნივერსიტეტის მთავარი ბიბლიოთეკა ბათუმის შოთა რუსთაველის სახელმწიფო უნივერსიტეტის მთავარი ბიბლიოთეკა წიგნსაცავი 2020-06-15 120.00 618.1 W-69 60589 2020-06-15 60589 2020-06-15 წიგნი 120 gel.